000 00368nam a2200157Ia 4500
008 230917s9999||||xx |||||||||||||| ||und||
020 _cRS200
040 _e24905
_aMAIN
041 _aEnglish
082 _a301.04 D74K
100 _aDoshi, Shambhu Lal
245 0 _aKarl Marx : Samajik adhyayan
260 _aJaipur
_bRawat
_c1996
300 _a142 p.
942 _cBK
999 _c93987
_d93987